| 000 | 00673nam a2200205 a 4500 | ||
|---|---|---|---|
| 001 | 2428 | ||
| 005 | 20140414131918.0 | ||
| 008 | 050601s19uu xx 00 eng d | ||
| 020 | _a0-307-26208-1 | ||
| 050 |
_aER _bM99 1999 |
||
| 100 | _aAlbee, Sarah | ||
| 245 |
_aMy new pet is the greatest / _cby Sarah Albee ; illustrated by Nate Evans. |
||
| 260 |
_aNew York : _bA Golden Book, _c1999. |
||
| 300 | _ap. : ill. ; cm. | ||
| 440 | _aRoad to Reading | ||
| 520 | _aWhen Sam brings home a baby dinosaur, his new pet's size and boisterous antics create unusual problems for the family. | ||
| 650 |
_aDinosaurs _xFiction. |
||
| 650 |
_aPets _xFiction. |
||
| 999 |
_c111612 _d111612 |
||